Các kiểu phân tích dữ liệu kế toán thị trường chứng khoán với Excel 2007
Đã lưu trong:
| 主要作者: | |
|---|---|
| 格式: | 圖書 |
| 出版: |
Nxb. Hồng Đức
2008
|
| 標簽: |
添加標簽
沒有標簽, 成為第一個標記此記錄!
|
| Thư viện lưu trữ: | Mạng thư viện Đại học Đà Nẵng |
|---|
| LEADER | 00661nam a2200229 a 4500 | ||
|---|---|---|---|
| 001 | 000028785 | ||
| 003 | 32508 | ||
| 005 | 20171030145630.0 | ||
| 008 | 171030s2008 | ||
| 020 | |c 87000 | ||
| 040 | |a LTT | ||
| 082 | 0 | |a 005,54 |b NG-B | |
| 100 | 1 | |a Nguyễn, Quốc Bình | |
| 245 | 0 | 0 | |a Các kiểu phân tích dữ liệu kế toán thị trường chứng khoán với Excel 2007 |c Nguyễn Quốc Bình và nhóm Tin học thực dụng. |
| 260 | |b Nxb. Hồng Đức |c 2008 | ||
| OWN | |a LTT | ||
| 999 | |a From the UDN01 | ||
| TYP | |a Monograph | ||
| TYP | |a Printed language | ||
| 980 | |a Mạng thư viện Đại học Đà Nẵng | ||